| 000 | 00718nam a2200193Ia 4500 | ||
|---|---|---|---|
| 003 | GCL | ||
| 008 | 140319s9999 xx 000 0 ara d | ||
| 040 |
_aGCL / _cGCL |
||
| 082 | 0 | 4 |
_a953.07392 _bا ت |
| 100 | 1 | _aعبدالقادر احمد طليمات | |
| 245 | 1 | 0 |
_aالتاريخ الباهر فى الدوله الاتابكيه بالموصل / _cعبدالقادر احمد طليمات |
| 700 | 1 | _aابن الاثير المؤرخ : عزالدين ايو الحسن على بن محمد بن عبدالكريم الشيبانى الجزرى | |
| 300 | _a265 ص | ||
| 490 | _a | ||
| 650 | 0 | 4 | _aالتاريخ الاسلامى |
| 650 | 0 | 4 | _aالموصل |
| 650 | 0 | 4 | _aالاتابكية |
| 942 |
_2ddc _cBK |
||
| 999 |
_c44414 _d44414 |
||